LEADER 02625nam a2200433 u 4500 001 000000025695 003 CaOOAMICUS 005 20070226111507.0 008 951019m19851992enkaf u000 u eng u 020 $a0435948113 (Heinemann International Literature and Textsbooks) 020 $a923101711X (UNESCO) 020 $a0520039165 (University of California Press) 035 $a10659529 040 $aBAV$bita$dPUL(R) 110 2 $aUnesco.$bInternational Scientific Committee for Drafting of a General History of Africa.$0(OLS)http://pul/name/21285 245 10$aGeneral history of Africa. 260 $aOxford :$bHeinemann ;$aParis :$bUNESCO ;$aBerkeley :$bUniversity of California Press,$cc1992. 300 $av. <1-2, 4-5, 7-8 > :$bill. ;$c25 cm 500 $aGli editori cambiano nei vari volumi. 500 $aInclude indici. 505 1 $a1. Methodology and African Prehistory / editor J. Ki-Zerbo -- editor B.A. Ogot Century -- 2. Ancient Civilizations of Africa / editor G. Mokhtar -- 4. Africa from the Twelfth to the Sexteenth Century / editor D.T. Niane -- -- 7. Africa under Colonial domination 1880-1935 / editor A. Adu Boahen -- 8. Africa since 1935 / editor A.A. Mazrui ; assistant editor C. Wondji. 651 4$aAfrica$xStoria.$0(OLS)http://pul/subject/9917 850 $aPUL 852 $aPUL$W1$xSL Filosofia 1$y2$m131 F 50$j35899$nBK-PRI$b $qStampati$B35899$CPULBib$Z2$F35899 $H $81 852 $aPUL$W1$xSL Filosofia 1$y2$m131 F 66-67$j35900$nBK-PRI$b $qStampati$B35900$CPULBib$Z2$F35900 $H $81 852 $aPUL$W1$xSL Filosofia 1$y2$m131 F 66-67$j35900$nBK-PRI$b $qStampati$B35901$CPULBib$Z2$F35901 $H $81 852 $aPUL$W1$xSL Filosofia 1$y2$m131 F 69$j35902$nBK-PRI$b $qStampati$B35902$CPULBib$Z2$F35902 $H $81 941 1 $a8 961 $aINV: 53694 961 $aINV: 59678; 59679. 961 $aINV: 59678; 59679. 961 $aINV: 59680 996 $6020$a0435948113 (Heinemann International Literature and Textsbooks)$9(OLS)http://pul/number/32030 996 $6020$a923101711X (UNESCO)$9(OLS)http://pul/number/32031 996 $6020$a0520039165 (University of California Press)$9(OLS)http://pul/number/32032 996 $6245$aGeneral history of Africa$9(OLS)http://pul/title/35389 996 $6260$aOxford :$bHeinemann$9(OLS)http://pul/publisher/58980 996 $6260$aParis :$bUNESCO$9(OLS)http://pul/publisher/58981 996 $6260$aBerkeley :$bUniversity of California Press$9(OLS)http://pul/publisher/50169 LEADER 01312nam a2200289 i 4500 001 000000105638 003 CaOOAMICUS 005 20070614094847.0 008 070614s1954 sz h 001 u lat c 040 $aPUG$bita$dPUL$dES 100 1 $aPontano, Giovanni Gioviano,$d1426-1503.$tAegidius.$0(OLS)http://pul/name/44448 245 10$aIoannis Iovani Pontani De sermone libri sex /$cediderunt S. Lupi et A. Risicato. 260 $aLucani :$bin aedibus Thesauri mundi,$cstampa1954. 300 $axvi, 212 p., [2] c. di tav. :$bfacs. ;$c21 cm 490 1 $aThesaurus mundi ;$v6 500 $aIndice p. 207-212 504 $aContiene riferimenti bibliografici 700 1 $aRisicato, Antonio,$eed.$0(OLS)http://pul/name/64867 700 1 $aLupi, Sergio.$0(OLS)http://pul/name/64866 740 0 $aDe sermone libri sex. 830 0$aThesaurus mundi ;$v6.$0(OLS)http://pul/title/7690 850 $aPUL 852 $aPUL$W1$xSL Cons. Gen., Altre Classi 1$y1$m2000 B 6$j118385$qStampati$B118287$CPULBib$Z2$F118287 $H17335 $82 941 1 $a8 996 $6740$aDe sermone libri sex$9(OLS)http://pul/title/132970 996 $6245$aIoannis Iovani Pontani De sermone libri sex$9(OLS)http://pul/title/132969 996 $6260$aLucani :$bin aedibus Thesauri mundi$9(OLS)http://pul/publisher/55198